<?xml version="1.0" encoding="UTF-8"?>
<record
    xmlns:xsi="http://www.w3.org/2001/XMLSchema-instance"
    xsi:schemaLocation="http://www.loc.gov/MARC21/slim http://www.loc.gov/standards/marcxml/schema/MARC21slim.xsd"
    xmlns="http://www.loc.gov/MARC21/slim">

  <leader>00738nam a22001577a 4500</leader>
  <controlfield tag="003">OSt</controlfield>
  <controlfield tag="005">20160104160159.0</controlfield>
  <controlfield tag="008">160104b        xxu||||| |||| 00| 0 eng d</controlfield>
  <datafield tag="040" ind1=" " ind2=" ">
    <subfield code="c">RUA</subfield>
  </datafield>
  <datafield tag="082" ind1=" " ind2=" ">
    <subfield code="a">LMA CHH 2013 B317 Or.1</subfield>
  </datafield>
  <datafield tag="100" ind1=" " ind2=" ">
    <subfield code="9">5987</subfield>
    <subfield code="a">CHHEANG, MARADY.</subfield>
  </datafield>
  <datafield tag="245" ind1=" " ind2=" ">
    <subfield code="a">Study on establishing ground control point network in srektum commune kaevsema district mondolkiri, &#x179F;&#x17B7;&#x1780;&#x17D2;&#x179F;&#x17B6;&#x17A2;&#x17C6;&#x1796;&#x17B8;&#x1780;&#x17B6;&#x179A;&#x179C;&#x17B6;&#x179F;&#x17CB;&#x179C;&#x17C2;&#x1784;&#x1794;&#x1784;&#x17D2;&#x1780;&#x17BE;&#x178F;&#x1794;&#x178E;&#x17D2;&#x178A;&#x17B6;&#x1789;&#x1794;&#x1784;&#x17D2;&#x1782;&#x17C4;&#x179B;&#x1794;&#x17D2;&#x179A;&#x1790;&#x1796;&#x17B8;&#x179C;&#x17B7;&#x1797;&#x17B6;&#x1782;&#x1793;&#x17C5;&#x1783;&#x17BB;&#x17C6;&#x179F;&#x17D2;&#x179A;&#x17C2;&#x1781;&#x17D2;&#x1791;&#x17BB;&#x1798; &#x179F;&#x17D2;&#x179A;&#x17BB;&#x1780;&#x1780;&#x17C2;&#x179C;&#x179F;&#x17B8;&#x1798;&#x17B6;&#x200B;&#x1781;&#x17C1;&#x178F;&#x17D2;&#x178F;&#x1798;&#x178E;&#x17D2;&#x178C;&#x179B;&#x1782;&#x17B7;&#x179A;&#x17B8;</subfield>
  </datafield>
  <datafield tag="260" ind1=" " ind2=" ">
    <subfield code="a">Phnom Penh</subfield>
    <subfield code="b">RUA</subfield>
    <subfield code="c">2013</subfield>
  </datafield>
  <datafield tag="300" ind1=" " ind2=" ">
    <subfield code="a">xi; 41p.</subfield>
    <subfield code="b">ill.</subfield>
    <subfield code="c">29cm.</subfield>
  </datafield>
  <datafield tag="942" ind1=" " ind2=" ">
    <subfield code="2">ddc</subfield>
    <subfield code="c">LMA</subfield>
  </datafield>
  <datafield tag="999" ind1=" " ind2=" ">
    <subfield code="c">5584</subfield>
    <subfield code="d">5584</subfield>
  </datafield>
  <datafield tag="952" ind1=" " ind2=" ">
    <subfield code="0">0</subfield>
    <subfield code="1">0</subfield>
    <subfield code="2">ddc</subfield>
    <subfield code="4">0</subfield>
    <subfield code="6">LMA_CHH_2013_000000000000000_B317_OR_1</subfield>
    <subfield code="7">0</subfield>
    <subfield code="9">30230</subfield>
    <subfield code="a">LBB</subfield>
    <subfield code="b">LBB</subfield>
    <subfield code="c"> 	B317</subfield>
    <subfield code="d">2016-01-04</subfield>
    <subfield code="o">LMA CHH 2013 B317 Or.1</subfield>
    <subfield code="p">RUA025524</subfield>
    <subfield code="r">2016-01-04</subfield>
    <subfield code="w">2016-01-04</subfield>
    <subfield code="y">LMA</subfield>
  </datafield>
  <datafield tag="952" ind1=" " ind2=" ">
    <subfield code="0">0</subfield>
    <subfield code="1">0</subfield>
    <subfield code="2">ddc</subfield>
    <subfield code="4">0</subfield>
    <subfield code="6">LMA_CHH_2013_000000000000000_B317_OR_2</subfield>
    <subfield code="7">0</subfield>
    <subfield code="9">30231</subfield>
    <subfield code="a">LBB</subfield>
    <subfield code="b">LBB</subfield>
    <subfield code="c"> 	B317</subfield>
    <subfield code="d">2016-01-04</subfield>
    <subfield code="o">LMA CHH 2013 B317 Or.2</subfield>
    <subfield code="p">RUA010355</subfield>
    <subfield code="r">2016-01-04</subfield>
    <subfield code="w">2016-01-04</subfield>
    <subfield code="y">LMA</subfield>
  </datafield>
  <datafield tag="952" ind1=" " ind2=" ">
    <subfield code="0">0</subfield>
    <subfield code="1">0</subfield>
    <subfield code="2">ddc</subfield>
    <subfield code="4">0</subfield>
    <subfield code="6">LMA_CHH_2013_000000000000000_B317_OR_3</subfield>
    <subfield code="7">0</subfield>
    <subfield code="9">30232</subfield>
    <subfield code="a">LBB</subfield>
    <subfield code="b">LBB</subfield>
    <subfield code="c"> 	B317</subfield>
    <subfield code="d">2016-01-04</subfield>
    <subfield code="o">LMA CHH 2013 B317 Or.3</subfield>
    <subfield code="p">RUA025739</subfield>
    <subfield code="r">2016-01-04</subfield>
    <subfield code="w">2016-01-04</subfield>
    <subfield code="y">LMA</subfield>
  </datafield>
  <datafield tag="952" ind1=" " ind2=" ">
    <subfield code="0">0</subfield>
    <subfield code="1">0</subfield>
    <subfield code="2">ddc</subfield>
    <subfield code="4">0</subfield>
    <subfield code="6">LMA_CHH_2013_000000000000000_B317_OR_4</subfield>
    <subfield code="7">0</subfield>
    <subfield code="9">30233</subfield>
    <subfield code="a">LBB</subfield>
    <subfield code="b">LBB</subfield>
    <subfield code="c"> 	B317</subfield>
    <subfield code="d">2016-01-04</subfield>
    <subfield code="o">LMA CHH 2013 B317 Or.4</subfield>
    <subfield code="p">RUA010286</subfield>
    <subfield code="r">2016-01-04</subfield>
    <subfield code="w">2016-01-04</subfield>
    <subfield code="y">LMA</subfield>
  </datafield>
  <datafield tag="952" ind1=" " ind2=" ">
    <subfield code="0">0</subfield>
    <subfield code="1">0</subfield>
    <subfield code="2">ddc</subfield>
    <subfield code="4">0</subfield>
    <subfield code="6">LMA_CHH_2013_000000000000000_B317_OR_5</subfield>
    <subfield code="7">0</subfield>
    <subfield code="9">30234</subfield>
    <subfield code="a">LBB</subfield>
    <subfield code="b">LBB</subfield>
    <subfield code="c"> 	B317</subfield>
    <subfield code="d">2016-01-04</subfield>
    <subfield code="o">LMA CHH 2013 B317 Or.5</subfield>
    <subfield code="p">RUA010501</subfield>
    <subfield code="r">2016-01-04</subfield>
    <subfield code="w">2016-01-04</subfield>
    <subfield code="y">LMA</subfield>
  </datafield>
  <datafield tag="952" ind1=" " ind2=" ">
    <subfield code="0">0</subfield>
    <subfield code="1">0</subfield>
    <subfield code="2">ddc</subfield>
    <subfield code="4">0</subfield>
    <subfield code="6">LMA_CHH_2013_000000000000000_B317_OR_6</subfield>
    <subfield code="7">0</subfield>
    <subfield code="9">30235</subfield>
    <subfield code="a">LBB</subfield>
    <subfield code="b">LBB</subfield>
    <subfield code="c"> 	B317</subfield>
    <subfield code="d">2016-01-04</subfield>
    <subfield code="o">LMA CHH 2013 B317 Or.6</subfield>
    <subfield code="p">RUA010554</subfield>
    <subfield code="r">2016-01-04</subfield>
    <subfield code="w">2016-01-04</subfield>
    <subfield code="y">LMA</subfield>
  </datafield>
  <datafield tag="952" ind1=" " ind2=" ">
    <subfield code="0">0</subfield>
    <subfield code="1">0</subfield>
    <subfield code="2">ddc</subfield>
    <subfield code="4">0</subfield>
    <subfield code="6">LMA_CHH_2013_000000000000000_B317_OR_7</subfield>
    <subfield code="7">0</subfield>
    <subfield code="9">30236</subfield>
    <subfield code="a">LBB</subfield>
    <subfield code="b">LBB</subfield>
    <subfield code="c"> 	B317</subfield>
    <subfield code="d">2016-01-04</subfield>
    <subfield code="o">LMA CHH 2013 B317 Or.7</subfield>
    <subfield code="p">RUA010427</subfield>
    <subfield code="r">2016-01-04</subfield>
    <subfield code="w">2016-01-04</subfield>
    <subfield code="y">LMA</subfield>
  </datafield>
  <datafield tag="952" ind1=" " ind2=" ">
    <subfield code="0">0</subfield>
    <subfield code="1">0</subfield>
    <subfield code="2">ddc</subfield>
    <subfield code="4">0</subfield>
    <subfield code="6">LMA_CHH_2013_000000000000000_B317_OR_8</subfield>
    <subfield code="7">0</subfield>
    <subfield code="9">30237</subfield>
    <subfield code="a">LBB</subfield>
    <subfield code="b">LBB</subfield>
    <subfield code="c"> 	B317</subfield>
    <subfield code="d">2016-01-04</subfield>
    <subfield code="o">LMA CHH 2013 B317 Or.8</subfield>
    <subfield code="p">RUA025928</subfield>
    <subfield code="r">2016-01-04</subfield>
    <subfield code="w">2016-01-04</subfield>
    <subfield code="y">LMA</subfield>
  </datafield>
</record>
